*LONG* The Vampire Diaries Characters Quiz Stats

 Plays Quiz not verified by Sporcle

Score 0/65 Timer 15:00
1 Play Today
% Correct
Caroline Forbes
93.4%
Vicki Donovan
92.6%
Esther Mikaelson
89.6%
Mikael Mikaelson
88.3%
Finn Mikaelson
88%
Bonnie Bennett
84.5%
Tyler Lockwood
82.4%
Rebekah Mikaelson
80.9%
Matt Donovan
77.6%
Damon Salvatore
76.1%
Rose
76.1%
Mason Lockwood
75.6%
John Gilbert
75.1%
Kol Mikaelson
75.1%
Elijah Mikaelson
74.6%
Alaric Saltzman
74%
Jeremy Gilbert
72.5%
Meredith Fell
72%
Elena Gilbert
70%
Enzo
69.7%
Stefan Salvatore
69.5%
Sheila Bennett
69.5%
Valerie
69.5%
Isobel Flemming
69%
Anna
68.2%
Pearl
68.2%
Klaus Mikaelson
68.2%
Liv Parker
68.2%
Jenna Sommers
67.7%
Carol Lockwood
66.4%
Luke Parker
66.4%
Bill Forbes
63.9%
Lily Salvatore
63.4%
% Correct
Elizabeth Forbes
62.8%
Hayley Marshall
60.6%
Katherine Pierce
60.1%
Lexi Branson
60.1%
Wes Maxfield
60.1%
Atticus Shane
59.8%
Nadia Petrova
59.8%
Kai Parker
59.8%
Jules
58.3%
Nora
58%
Richard Lockwood
57.5%
Jesse
56.7%
Mary Louise
56.7%
Silas
52.4%
Aaron Whitmore
52.2%
Logan Fell
50.9%
April Young
50.1%
Sybil
47.8%
Jo Laughlin
43%
Qetsiyah
42.7%
Peter Maxwell
39.9%
Rayna Cruz
37.7%
Markos
36.6%
Lizzie and Josie Saltzman
36.4%
Connor Jordan
36.1%
Arcadius
33.8%
Seline
33.6%
Oscar
28.5%
Beau
17.3%
Dorian Williams
16.5%
Malcolm
16%
Julian
8.4%

You're not logged in!

Compare scores with friends on all Sporcle quizzes.
OR
Log In

Show Comments

Extras

Top Quizzes Today


Score Distribution

Your Account Isn't Verified!

In order to create a playlist on Sporcle, you need to verify the email address you used during registration. Go to your Sporcle Settings to finish the process.

Report this User

Report this user for behavior that violates our Community Guidelines.

Details: